[Event "Summer of Seattle"]
[Site "?"]
[Date "2021.08.12"]
[Round "2"]
[White "He, Anthony Bi"]
[Black "Stukopin, Andrey"]
[Result "1-0"]
[WhiteElo "2447"]
[BlackElo "2555"]
[Annotator "Anthony He"]
[PlyCount "89"]
[EventDate "2021.??.??"]

{[%evp 0,89,19,28,40,40,45,30,30,42,27,11,49,36,44,42,83,60,60,46,47,32,20,73,
69,69,99,72,76,73,53,43,53,71,65,45,45,-8,-8,-8,13,-24,-27,-17,-42,-36,-36,-36,
-36,-47,-20,-45,-15,-36,-15,-15,-23,-77,-31,-69,-56,-56,-36,-54,0,0,21,21,55,
68,40,40,40,31,40,40,48,48,30,45,38,33,176,198,273,321,318,380,491,496,484,489]
} 1. e4 c5 2. Nf3 e6 3. d4 cxd4 4. Nxd4 Nc6 5. g3 $5 {A surprise I was
preparing. When preparing for your opponents, always consider what they expect
you to do.} h5 $5 {Interesting idea which I had 0 knowledge on. But in
reasonably quiet positions, a move such as h5 can only be so good.} 6. Bg2 h4
7. Nc3 {Normal development.} a6 {I was reasonably pleased when I saw him play
this move. This is basically a Kan/Taimanov but he spent tempo on h5-h4.} 8.
Nxc6 $5 bxc6 9. e5 {Attempting to take advantage of my lead in development.} (
9. Bf4 {Objectivally, this looks like the best option.} h3 (9... hxg3 10. hxg3
Rxh1+ 11. Bxh1 d6 12. Qe2 e5 13. Bd2 Nf6 14. O-O-O Qb6 15. f4 Rb8 16. b3 $16 {
with comfortable advantage.}) (9... d6 10. gxh4 $5) 10. Bf3 d6 11. Qe2 e5 12.
Be3 Rb8 13. O-O-O Nf6 (13... Qa5 14. Qc4 $1) 14. g4 Qa5 15. g5 Nd7 16. Bg4 Qb4
17. a3 $1 Qxb2+ 18. Kd2 Qb7 19. Rb1 Qa8 20. Rxb8 Qxb8 21. Rb1 Qc7 22. Qc4 Nc5
23. Bxc8 Qxc8 24. g6 fxg6 25. Bxc5 dxc5 26. Nd1 $1 $14 {[%csl Re8] and Black
has problems with king in center.}) 9... Qc7 10. Qe2 (10. Bf4 g5 $1 11. Bxg5
Qxe5+ 12. Ne4 d5 13. Bf4 Qxb2 14. Rb1 Qg7 15. Nd6+ Bxd6 16. Bxd6 Kd7 $5) 10...
Ne7 (10... a5 $1 11. Bd2 (11. Ne4 $2 Ba6 (11... Qxe5)) 11... Ba6 12. Qe4 Ne7
13. O-O-O Nd5 $132 {with complex game.}) 11. Ne4 (11. O-O $5 Nf5 (11... Ng6 12.
f4 hxg3 13. hxg3 $14 {[%cal Gc1e3]}) 12. Bf4 $14) 11... Ng6 $2 {Mistake which
gives me the advantage.} (11... Nf5 $1 {I was expecting this, with the idea of
h3+Nd4, but I wasn't really worried about losing the bishop pair.} 12. Bf4 h3
13. Bf3 Nd4 14. Qd3 c5 15. O-O-O Rb8 16. Rhe1 Qb6 17. b3 a5 $132) 12. f4 $16
Be7 13. Qd3 {[%csl Gd6] Controlling the d6 square.} Qb6 {Now this was an
interesting move which I didn't consider at all, and it in all honesty was a
brilliant practical move. While it technically doesn't have direct threats,
it's still annoying to deal with. hxg3, Rxh1, and Qg1 hang in the air all the
time. Be3 must be objectivally the correct move, but the follow up isn't easy
at all, and this transformation of the game wasn't exactly what I wanted, as I
was sure that I was much better.} 14. Be3 $2 {A poor practical decision. While
White must be close to winning after this pawn sacrifice, there is no reason
to force yourself to have to find follow ups in such a position.} (14. b3 {
Ignoring Black's ghost threats} hxg3 15. hxg3 Rxh1+ 16. Bxh1 Qg1+ 17. Qf1 Qd4
18. c3 Qb6 19. Qf2 $18) 14... Qxb2 15. O-O hxg3 16. hxg3 Qa3 17. Qxa3 $2 {
Running low on time, I attempted to convert the position into something I
viewed as "risk free." This was also wrong, just looking at the position,
there is no world where White should trade queens.} (17. c3 $44 Rb8 (17... O-O
18. Rfb1 a5 19. Qc2) (17... Qa4 18. Rfb1 $1) (17... a5 18. Rfd1) 18. Bc1 Qa5
19. c4 O-O 20. Bd2 Qa4 21. Bc3 $16) 17... Bxa3 18. Nd6+ $2 ({The best move was
} 18. Rfb1 $1 a5 (18... O-O 19. Nc5 $1 {[%cal Gb1b3]} a5 20. Rb3 Bxc5 21. Bxc5
Re8 22. Be4 $14) 19. Rb6 Ba6 20. Rd1 Bc4 21. Rb7 Bd5 22. c4 Bxc4 23. Rdxd7 O-O
24. Nd6 $16) 18... Bxd6 19. exd6 a5 $1 {[%cal Gc8a6] I completely missed this
idea, and was depressed over the poor decisions made. Now if anyone is better,
it could very easily be Black.} 20. c4 Ba6 21. Rfc1 f5 22. Bd2 Kf7 23. c5 a4 (
23... e5 $1 24. fxe5 Nxe5 25. Bxa5 Nd3 $17) 24. Bc3 Bd3 $17 25. Bd4 Rhb8 (25...
e5 $1 26. fxe5 Ke6 27. Re1 Bc4 $15) 26. Kf2 a3 27. Ke3 Ba6 28. Rab1 (28. Rc3 $1
) 28... Re8 (28... e5 $1 {I was surprised when my opponent decided to keep his
material instead of freeing squares for this pieces.} 29. fxe5 Rxb1 30. Rxb1
Bc4 31. Ra1 Nf8 $1 $17 {[%cal Gf8e6,Gg7g5]}) 29. Be5 $1 Nxe5 30. fxe5 Rh8 31.
Rb3 Rab8 $2 {Probably some miscalculation. This move doesn't really make sense.
} (31... g5 $1 32. Rxa3 Bb5 33. Rcc3 Kg6 $15) 32. Rxa3 $16 {And suddenly the
table turn again. It's not immediately obvious, but you slowly realize how
weak Black's pawn structure is.} Rb2 33. Bf3 Ra8 34. Rcc3 Rbb8 35. Rcb3 Bc4 36.
Rxa8 Rxa8 37. Rb7 Ke8 38. a4 g5 39. Rb4 Ba6 40. Rb6 {A small trap} Bc4 $4 (
40... Bc8 41. Rb4 (41. Rxc6 $4 g4 42. Bg2 Bb7 $1) 41... g4 42. Be2 Kf7 $14 {
and Black should be able to hold position.}) 41. Rxc6 $18 Bd5 42. Bxd5 exd5 43.
Rc7 Rxa4 44. Rc8+ Kf7 45. c6 {An up and down game which illustrates the
importance of making wise, practical decisions.} 1-0

[Event "Summer of Seattle"]
[Site "?"]
[Date "2021.08.13"]
[Round "4"]
[White "He, Anthony Bi"]
[Black "Maiti, Milind"]
[Result "1-0"]
[WhiteElo "2447"]
[BlackElo "2384"]
[Annotator "Anthony He"]
[PlyCount "117"]
[EventDate "2021.??.??"]

{[%evp 0,100,25,16,71,35,60,46,47,59,52,47,74,88,57,25,24,6,46,40,49,2,17,-6,
33,2,26,-27,-4,1,6,2,-4,-14,10,3,-12,13,11,23,26,18,18,7,22,22,30,22,30,44,26,
7,29,11,21,3,21,0,0,4,3,3,54,10,54,54,58,16,36,3,32,0,3,12,63,63,40,53,48,51,
51,54,92,95,171,117,170,147,209,226,185,173,184,108,115,87,128,137,150,136,153,
143,186]} 1. e4 c5 2. Nf3 e6 3. d4 cxd4 4. Nxd4 Nc6 5. Nc3 a6 6. Be3 Nf6 7. Qf3
Bb4 $5 {At this moment, I already knew I got outprepared. Although it is very
possible that it was simply a different move order, even one innacuracy can
change the entire opening.} (7... Qc7 {This was obviously what I was expecting.
}) 8. Nxc6 bxc6 ({Another option is} 8... dxc6 {Another option, with lots of
theory behind it.}) 9. Bd3 d5 (9... e5 $6 10. Qg3 d6 (10... O-O 11. O-O Qe7 12.
Bg5 Qe6 13. Bc4 (13. Na4 Rb8 14. b3 d5 15. f3 Bd6 16. Rfe1 h6 17. Be3 Nd7 18.
c3) 13... Qd6 (13... Nh5 14. Bxe6 Nxg3 15. Bxf7+ Kxf7 16. hxg3 Bxc3 17. bxc3 d5
18. Rfe1 h6 19. Bc1 $14) 14. Rfd1 $16) 11. O-O Nh5 12. Qf3 Nf6 13. Na4 $1) 10.
Bd2 (10. exd5 $2 cxd5 11. Bd4 O-O) (10. e5 Nd7 11. Qg4 $6 Bf8 12. Bf4 $6 h5 $1)
10... O-O 11. O-O a5 $1 {Now Black achieved good version of certain lines in
Taimanov, without wasting time with Qc7.} 12. Qe2 Nd7 13. Na4 Bxd2 (13... Ne5
$5 14. exd5 Bxd2 15. Qxd2 cxd5 $132 {looks nice for Black.}) 14. Qxd2 Ba6 $2 {
I really don't see why my opponent prioritized trading bishops. His knight is
likely the worst placed piece, so he should change them instead.} (14... Nb6 $5
15. Nxb6 Qxb6 $132 {Is what I would have done if I were him.}) 15. Bxa6 Rxa6
16. c4 {Putting pressure on the center.} Nf6 $1 17. e5 Nd7 18. b3 Qc7 (18...
Nxe5 $2 19. Qe2 {With cxd5 next.}) 19. f4 {Once we reached this position I was
feeling pretty confident. I had felt that I had "escaped" the opening and was
pretty sure I could slowly outplay my opponent.} Raa8 20. Qf2 f6 (20... dxc4 $1
21. bxc4 Rab8 22. a3 Rfd8 23. Rfd1 Nf8 24. Nc5 Rxd1+ 25. Rxd1 Qb6 $132) 21.
cxd5 cxd5 22. Rac1 Qb7 23. exf6 Rxf6 24. Qe3 {Strangely enough, we kind of
have a French structure.} Re8 25. Nc3 (25. Nb2 e5 26. fxe5 Rxe5 27. Qd4 Re4
$132) 25... h6 26. h3 Qb8 27. Qd4 Ref8 28. Ne2 Qd6 29. Rf3 {Rearranging my
pieces.} Rg6 (29... g5 $5 30. Rg3 (30. Rcf1 Qc5 $132) 30... e5 31. fxe5 Nxe5 {
[%cal Gf6f2]} 32. Nc3 Nf3+ 33. Rxf3 Rxf3 34. gxf3 Qg3+ 35. Kh1 Qxh3+ 36. Kg1
Qg3+ $11) 30. Re3 Rf5 31. Rf1 Nc5 32. Rc1 Nd7 33. Rf1 {The point of this
repetition was actually not to gain time, but to gauge my opponent's mindset.
After repeating moves I realized he was fine with a draw, which boosted my
confidence.} Nc5 34. Rff3 Nd7 35. Ng3 Rf8 36. Kh1 Qc5 37. Qd3 Rgf6 $6 38. Nh5
$1 Rf5 39. g4 R5f7 $2 {Basically resignation.} (39... e5 $5 {I was really
quite worried about this move, but White should still be pressing.} 40. gxf5 e4
41. Qd1 (41. Rxe4 dxe4 42. Qxe4 (42. Qxd7 Qc1+ 43. Kh2 Qb2+ 44. Kg3 exf3) 42...
Rxf5 43. Qe6+ Kh8 44. Qxd7 Rxh5 45. Qe8+ Kh7 46. Qe4+ Rf5 $132) 41... exf3 42.
Qg1 g5 43. fxg5 f2 44. Qxf2 hxg5 45. Kg2 $14) (39... Rxh5 40. gxh5 e5 41. fxe5
Rxf3 42. Rxf3 Nxe5 43. Qc3 {Important intermediate move which I had prepared
beforehand.}) 40. Rxe6 Nf6 41. Ng3 h5 42. gxh5 $5 (42. g5 $1 Ne4 43. Nxe4 dxe4
44. Rxe4 $16) 42... d4 43. Re5 (43. h6 $1) 43... Nd5 44. Ne2 Qc6 45. Qe4 (45.
Nxd4 Qc1+ 46. Qf1 Qxf1+ 47. Rxf1 Nxf4 48. Rxa5 $18) 45... Nb4 46. Qxc6 Nxc6 47.
Rc5 Rf6 (47... Re7 $5 48. Ng3 Nb4 49. a3 d3 50. axb4 d2 51. Rd5 Re1+ 52. Rf1
Rxf4 53. Rd8+ Kh7 54. Rxd2 Rexf1+ 55. Nxf1 Rxf1+ 56. Kg2 Rf5 57. bxa5 Rxa5 58.
Rb2 Rg5+ 59. Kh2 Rxh5 60. b4 Rb5 61. Kg3 Kg6 62. Kf4 Kf6 63. Ke4 Ke6 64. Kd4
Rh5 65. Rb3 Kd7 66. b5 Kc7) 48. Kg2 Re6 49. Kf2 Rfe8 50. Nc1 Nb4 51. a3 Nc6 52.
f5 Rd6 53. Nd3 Rb8 54. Nf4 d3 55. Nxd3 Rxb3 (55... Nd4 $1 56. Rg3 Rxb3) 56. Nf4
Rb2+ (56... a4 $1) 57. Kg3 a4 58. Ng6 Rb3 59. Rxc6 1-0

[Event "Oregon Junior Closed"]
[Site "?"]
[Date "2021.12.10"]
[Round "1"]
[White "McClain, Jack"]
[Black "Nair, Roshen"]
[Result "0-1"]
[WhiteElo "1762"]
[BlackElo "2105"]
[Annotator "Wilson Gibbins"]
[PlyCount "112"]

{[%evp 0,112,19,29,30,23,24,12,16,-13,10,-6,-6,0,-15,-27,-27,-83,-42,-91,-36,
-35,-35,-26,-21,-25,-52,-52,-55,-58,-58,-55,-64,-60,-60,-92,-82,-85,-89,-102,
-106,-150,-232,-227,-195,-389,-166,-202,-163,-246,-230,-347,-383,-473,-485,
-504,-460,-575,-575,-583,-640,-653,-681,-694,-365,-440,-461,-461,-443,-437,
-541,-593,-606,-626,-554,-723,-717,-1036,-634,-635,-565,-565,-577,-668,-699,
-736,-696,-711,-762,-770,-1178,-28885,-1113,-1162,-809,-1192,-1479,-1479,-1636,
-28837,-29978,-29979,-29980,-29981,-29982,-29995,-29994,-29995,-29992,-29993,
-29994,-29997,-29998,-29999,-30000]} {Jack had just completed his first
college term before the tournament began, limiting his time for chess study
over the previous months. This meant he had to play himself into shape during
the tournament. He successfully managed the task, finishing with 1.5 points
and a 17 point rating gain, not bad for the lowest seed. But this game is from
round 1 before he had scraped the rust off. Roshen decides to "help" Jack by
grinding him down in an ending, giving him 56 moves of experience at the cost
of only one point on the crosstable.} 1. e4 e5 2. Nf3 Nc6 3. Nc3 Nf6 4. d4 exd4
5. Nxd4 Bb4 6. Nxc6 bxc6 7. Qd4 (7. Bd3 {is the popular choice in this
position, but Jack's move is fine too.}) 7... Qe7 8. Bd3 d5 9. Bg5 $6 {this
move appears to be aggressive, pinning the knight and preparing the option of
castling long. Unfortunately for White, Black has forced line that results in
a better endgame.} (9. O-O $11) 9... c5 $1 10. Bxf6 ({Hmm, perhaps the endgame
isn't completely forced.} 10. Bb5+ Kf8 11. Qd1 Bxc3+ 12. bxc3 Qxe4+ 13. Kf1 Qe5
{is also better for Black. But with a middlegame on the board instead of an
ending, White has more swindling chances than the actual game. That said, skip
ahead to Tang-Nair from round 4 if you prefer endgame swindling chances.})
10... cxd4 11. Bxe7 Kxe7 12. a3 {Jack is able to save his pinned knight and
eliminate White's advantage of the two bishops, but only at the cost of an
inferior pawn structure.} Ba5 13. b4 dxc3 14. bxa5 d4 $1 {Black's doubled
pawns have a lot more potential than White's doubled pawns.} 15. Rb1 Bd7 16.
Ke2 ({It is tempting to put a rook on the 7th rank, but} 16. Rb7 Rhb8 17. a6 (
17. Rxc7 $2 Rb1+) 17... Rxb7 18. axb7 Rb8 19. Ba6 Bc6 20. f3 Bxb7 21. Bxb7 Rxb7
{is much better for Black.}) 16... Rab8 17. Rhd1 Be6 {Material is still even,
but Black is close to a positional win, as the pawns on the c and d files will
steadily march forward.} 18. h3 c5 19. Ba6 Rb2 20. Rdc1 Rhb8 21. Ra1 c4 22. Kf3
Kd6 23. Kf4 Kc5 24. f3 Bd7 25. e5 Re8 26. Rab1 Ba4 27. Re1 Bxc2 28. Rbc1 d3 29.
Re4 d2 30. Rxc4+ Kd5 31. Rg1 d1=Q 32. Rxd1+ Bxd1 33. Rxc3 Be2 34. Bc8 Rxe5 35.
a6 g5+ 36. Kg4 Bc4 37. Bb7+ Kd4 38. f4 Kxc3 39. fxe5 Kd4 40. Kxg5 Kxe5 41. g4
Rb3 42. h4 Rb6 43. h5 h6+ 44. Kh4 Kf4 45. Bg2 Rb2 46. Kh3 Rxg2 47. Kxg2 Kxg4
48. a4 Bxa6 49. a5 f5 50. Kf2 f4 51. Kg2 f3+ 52. Kh1 f2 53. Kh2 Kxh5 54. Kh3
f1=Q+ 55. Kh2 Qf2+ 56. Kh3 Bc8# 0-1

[Event "Oregon Junior Closed"]
[Site "?"]
[Date "2021.12.10"]
[Round "1"]
[White "Tang, Austin"]
[Black "Sripada, Havish"]
[Result "1-0"]
[WhiteElo "2023"]
[BlackElo "2007"]
[Annotator "Wilson Gibbins"]
[PlyCount "121"]

1. e4 c5 2. Nf3 d6 3. d4 cxd4 4. Nxd4 Nf6 5. Nc3 a6 6. Be2 e5 7. Nb3 Be7 8. O-O
O-O 9. Kh1 {This king move is a Kasparov favorite. He has played it 5 times,
beating Nick DeFirmian in 1995 and Boris Gelfand in 1996, but losing
Jan-Krzysztof Duda in 2021. White strives for flexibility, waiting for a Black
to declare his intentions before committing his f-pawn (f3 or f4?) and
dark-squared bishop (e3 or g5?). He makes a move that often is useful when
White castles kingside in the Sicilian.} b6 {Black will push this pawn to b5
two moves later. So why did he waste time moving it to b6 on move 9? Because
Black's bishop needs to be on b7 to stop tricks on the h1-f8 diagonal before
the pawn can safely move to b5, as 9...b5 10.a4! is strong with the diagonal
undefended. Playing the Najdorf is hard work for both players.} (9... b5 $6 10.
a4 b4 11. Nd5 Nxe4 $2 (11... Nxd5 $6 12. Qxd5 Ra7 13. Be3 Be6 14. Qd3) (11...
Be6 $1 $14) 12. Bf3 f5 13. Nxe7+ Qxe7 14. Qd5+) 10. Be3 Bb7 11. f3 b5 12. a4 b4
13. Nd5 Nxd5 14. exd5 Nd7 {My database shows over 100 games from this position.
Moves that might have appeared to be superficial (9.Kh1) or counter-intuitive 
(9...b6) are actually deep theory.} 15. c4 bxc3 16. bxc3 Bg5 17. Bf2 Qc7 18. c4
a5 19. Nd2 Bxd2 {still in the database.} (19... f5 {is most popular, but
Stockfish prefers Havish's choice.}) 20. Qxd2 Nc5 {The position is balanced,
yet both players can still play for the win. This is why I stand by my
statement - the road from 1800 to 2200 goes through the Sicilian Defense.} 21.
Qc2 Bc8 22. f4 f5 $2 {A move that Black should be striving to play to exploit
his kingside pawn majority, but it doesn't quite work.} (22... exf4 {maintains
a rough equality} 23. Bd4 Rb8 (23... g5 $2 24. Bf6 h6 25. Bh5 {gives White a
dangerous attack against Black's weakened kingside.}) 24. Ra3 Qb6 25. Raf3) 23.
fxe5 dxe5 24. Rfb1 $16 {It is natural to take control of the open file with
the king rook while using the queen rook to defend the weak a-pawn.} ({
Stockfish suggests sacrificing an exchange...} 24. Rab1 Bd7 25. Rb5 Bxb5 26.
cxb5 {... and claims a big advantage for White. It isn't obvious what horrible
fate will befall Black in the next few moves, but modern analysts love the two
bishops, and rooks are better on offense than defense. So if Black can't
generate play with the e-pawn and f-pawn and ends up trying to use his rooks
to defend against White's passed pawns, it probably won't turn out well.
Spoiler alert - in the game, Havish will try to generate play with his e-pawn
and f-pawn, and it almost saves the game.}) 24... Bd7 25. Bxc5 (25. Rb5 $5)
25... Qxc5 26. Rb7 Rf7 27. Rab1 Raf8 28. Qc3 e4 29. Qe5 f4 $2 ({Black has been
playing well and now} 29... g6 {gets Black back close to equality. The move
Black played in the game allows White a tricky combination which nets a pawn
and opens lines to Black's king}) 30. Bh5 $1 (30. Qxe4 $2 Bf5) 30... g6 {
So why was this good on move 29 but not here? Black's move 29...f4 gives White
the g4 square for his Bishop which allows it to reach e6 on move 33.} 31. Rxd7
$1 Rxd7 32. Bg4 $1 Rdf7 33. Be6 {Stockfish says White has an overwhelming
advantage, but the position is still very tricky, as White needs to watch out
for back rank mates and pawn advances.} f3 34. Bxf7+ (34. gxf3 exf3 35. Qf6 Qa7
36. Rf1 {is winning easily. White is better in the game continuation, but he
has to find a series of "only" moves to maintain his advantage. Austin is up
to the challenge.}) 34... Rxf7 35. Rb8+ $1 (35. gxf3 Qf2 $11) 35... Rf8 36.
Qe6+ $1 (36. gxf3 Qf2 $11) 36... Kg7 37. Rb7+ $1 (37. Rxf8 Qxf8 $11) 37... Kh6
38. Qh3+ $1 $18 (38. g3 $2 $11 {is equal. Everything else loses for White.})
38... Kg5 39. Qg3+ $1 (39. g3 $2 Qe3 $11) 39... Kf5 40. gxf3 $1 (40. Qh3+ $2
Ke5 41. Qg3+ Kd4 $11) 40... exf3 41. Qxf3+ Ke5 {When I saw this position live,
I didn't know what to think. White is up material and Black's king is
centralized a little too early for a major piece ending, but Black has a Rf1+
counterattack threatened if White forgets to check, either literally and
figuratively.} 42. Qc3+ Kf4 43. Qg3+ Kf5 44. Qf3+ Kg5 45. Qg3+ Kf5 46. Rb5 {
still winning for White.} (46. Rb2 $1 {Is most decisive, when a check on f2
from the queen or rook decide the game.} Kf6 47. Qf2+ Qxf2 48. Rxf2+ Ke7 49.
Rxf8 Kxf8 {is an easily won pawn ending.}) (46. Rb3 $1 {is also winning, but
more complex.}) 46... Qc8 (46... Qd4 {keeps things more complicated, but Black
is still lost after} 47. Qe1) 47. d6+ {The rest is straightforward. Black's
counterattacking chances have disappeared, but White's passed pawns and
Black's vulnerable king remain.} Kf6 48. Qf3+ Kg7 49. Rb7+ Kh6 50. Qe3+ g5 51.
Re7 Rf4 52. Re6+ Kg7 53. Qe5+ Kg8 54. Re8+ Rf8 55. Rxc8 Rxc8 56. Qe6+ Kg7 57.
Qxc8 h5 58. d7 g4 59. d8=Q g3 60. Qe6 h4 61. Qdg8# 1-0